000
00210nam a2200085Ia 4500
245
0
_a
Recycling
100
_a
MORRIS, Neil London, 2009
_9
85664
942
_c
BK
008
210817s9999 xx 000 0 und d
999
_c
321131
_d
321130